| 000 | 01975cam a22002054a 4500 | ||
|---|---|---|---|
| 005 | 20250605164242.0 | ||
| 008 | 250528s ||||||||||||||||||||||||d | ||
| 035 | _a21378 | ||
| 020 | _a9789600342826 | ||
| 040 |
_aGR-AtMCL _bgre _dGR-AtMCL _eAACR2 |
||
| 245 | 1 | _aΠολιτική Οικονομία των Χρηματιστηριακών Αγορών / Και Εναλλακτικές Στρατηγικές | |
| 250 | _a1η | ||
| 260 |
_bΚαστανιώτη, _c2006 |
||
| 300 | _a400 | ||
| 520 | _aΕισαγωγή στον κόσμο των Χρηματιστηριακών Αγορών. Εισαγωγή, Από τη Χρηματοδότηση των Επενδύσεων στις Χρηματοοικονομικές Επενδύσεις: Το Πανόραμα των Χρηματιστηριακών Αγορών, Οι Ισχυροί Πίσω από τις Αγορές: Οι Στρατηγικές των Χρηματοοικονομικών Ομίλων, Από τη Μεταρρύθμιση στην Αντιμεταρρύθμιση - Η ''Απελευθέρωση'' των Χρηματιστηριακών Αγορών, Περισσότερες Ανισότητες και Μεγαλύτερη Ανασφάλεια και Νέες Κρίσεις - Το Κόστος των Αχαλίνωτων Χρηματιστηριακών Αγορών, Διαχείριση Κρίσεων και Περιορισμοί και Εκδημοκρατισμός - Ο Δρόμος για τη Μεταρρύθμιση των Χρηματιστηριακών Αγορών, Οι Ευρωπαϊκές Πρωτοβουλίες για τη Μεταρρύθμιση - Ο Θεμέλιος Λίθος της Νέας Χρηματοοικονομικής Αρχιτεκτονικής, Ευρετήριο Πινάκων και Διαγραμμάτων και Ένθετων. | ||
| 700 | 1 |
_aΧούφσμιντ Γιοργκ _97425 |
|
| 942 | _cBK | ||
| 999 |
_c6441 _d6441 |
||